Law of guarantees (Record no. 5767)

MARC details
000 -LEADER
fixed length control field 00412nam a22001337a 4500
008 - FIXED-LENGTH DATA ELEMENTS--GENERAL INFORMATION
fixed length control field 131013b xxu||||| |||| 00| 0 eng d
020 ## - INTERNATIONAL STANDARD BOOK NUMBER
International Standard Book Number 9-7804-1404-4715
082 ## - DEWEY DECIMAL CLASSIFICATION NUMBER
Edition number 6 ed.
Classification number 346.074 AND
100 ## - MAIN ENTRY--PERSONAL NAME
Personal name Andrews, Geraldine and Millett, Richard
245 ## - TITLE STATEMENT
Title Law of guarantees
Statement of responsibility, etc Geraldine,Andrews and Millett, Richard
260 ## - PUBLICATION, DISTRIBUTION, ETC. (IMPRINT)
Place of publication, distribution, etc London
Name of publisher, distributor, etc Sweet and Maxwell
Date of publication, distribution, etc 2011
300 ## - PHYSICAL DESCRIPTION
Extent xvii,828P.
Dimensions 24cm.
942 ## - ADDED ENTRY ELEMENTS (KOHA)
Source of classification or shelving scheme Dewey Decimal Classification
Item type Books
Holdings
Withdrawn status Lost status Source of classification or shelving scheme Damaged status Not for loan Home library Current library Shelving location Date acquired Total Checkouts Full call number Barcode Date last seen Price effective from Koha item type
    Dewey Decimal Classification     Law Development Centre Main Library Law Development Centre Main Library Text Books and Laws 10/13/2013   346.074 AND 8006/2013 10/13/2013 10/13/2013 Books